তািনয়া / (Record no. 50760)

MARC details
000 -LEADER
fixed length control field 00922nam a22002297a 4500
005 - DATE AND TIME OF LATEST TRANSACTION
control field 20110224145937.0
008 - FIXED-LENGTH DATA ELEMENTS--GENERAL INFORMATION
fixed length control field 110224t xxu||||| |||| 00| 0ben d
010 ## - LCCN (DPL NO)
LC control number BEN-8379
020 ## - INTERNATIONAL STANDARD BOOK NUMBER
International Standard Book Number 97881295088478
Terms of availability 70.00
035 ## - SYSTEM CONTROL NUMBER
System control number BN-6584
037 ## - SOURCE OF ACQUISITION
Source of stock number/acquisition DBAD/PUB
040 ## - CATALOGING SOURCE
Original cataloging agency DPL
Language of cataloging BN
100 ## - MAIN ENTRY--PERSONAL NAME
9 (RLIN) 26208
Personal name ভট্টাচার্য িনমাই
245 ## - TITLE STATEMENT
Title তািনয়া /
Statement of responsibility, etc িনমাই ভট্টাচার্য ি
246 ## - VARYING FORM OF TITLE
Title proper/short title তািনয়া
Remainder of title by Nimai Bhattacharya
260 ## - PUBLICATION, DISTRIBUTION, ETC. (IMPRINT)
Place of publication, distribution, etc কলকাতা
Name of publisher, distributor, etc েদ'জ পবিলিশং
Date of publication, distribution, etc 2008
270 ## - ADDRESS
Address ১৩ বfঙ্কম চ্ত্তের্জী স্টীট
City কলকাতা
Postal code 700073
300 3# - PHYSICAL DESCRIPTION
Extent 120p
Dimensions 22 cm (HB)
700 ## - ADDED ENTRY--PERSONAL NAME
9 (RLIN) 26212
942 ## - ADDED ENTRY ELEMENTS (KOHA)
Source of classification or shelving scheme Dewey Decimal Classification
Item type Bengali Books
Call number suffix ভট্টচা
Holdings
Withdrawn status Lost status Source of classification or shelving scheme Damaged status Not for loan Home library Current library Date acquired Cost, normal purchase price Total Checkouts Full call number Barcode Date last seen Copy number Cost, replacement price Koha item type
    Dewey Decimal Classification   Not For Loan D.B.Act.Division D.B.Act.Division 25/02/2011 70.00   ভট্টচা BN-6584 25/02/2011 1 70.00 Bengali Books

© Delhi Public Library
Hit Counter
free hit counter